Experiments in biochemistry : (Record no. 2063)
[ view plain ]
| 000 -LEADER | |
|---|---|
| fixed length control field | 01278nam a2200313 4500 |
| 001 - CONTROL NUMBER | |
| control field | 13717035 |
| 005 - DATE AND TIME OF LATEST TRANSACTION | |
| control field | 20150213092115.0 |
| 008 - FIXED-LENGTH DATA ELEMENTS--GENERAL INFORMATION | |
| fixed length control field | 000 |
| 010 ## - LIBRARY OF CONGRESS CONTROL NUMBER | |
| LC control number | 2004113417 |
| 020 ## - INTERNATIONAL STANDARD BOOK NUMBER | |
| International Standard Book Number | 049501317X |
| 040 ## - CATALOGING SOURCE | |
| Original cataloging agency | UOEL |
| Transcribing agency | DLC |
| Modifying agency | DLC |
| 042 ## - AUTHENTICATION CODE | |
| Authentication code | pcc |
| 050 00 - LIBRARY OF CONGRESS CALL NUMBER | |
| Classification number | QP519 |
| Item number | .F34 2006 |
| 082 00 - DEWEY DECIMAL CLASSIFICATION NUMBER | |
| Classification number | 612/.015/078 |
| Edition number | 22 |
| 100 1# - MAIN ENTRY--PERSONAL NAME | |
| Personal name | Farrell, Shawn O. |
| 245 10 - TITLE STATEMENT | |
| Title | Experiments in biochemistry : |
| Remainder of title | a hands-on approach : a manual for the undergraduate laboratory / |
| Statement of responsibility, etc | Shawn O. Farrell, Lynn E. Taylor. |
| 250 ## - EDITION STATEMENT | |
| Edition statement | 2nd ed. |
| 260 ## - PUBLICATION, DISTRIBUTION, ETC. (IMPRINT) | |
| Place of publication, distribution, etc | Belmont, CA : |
| Name of publisher, distributor, etc | Thomson/Brooks/Cole, |
| Date of publication, distribution, etc | c2006. |
| 300 ## - PHYSICAL DESCRIPTION | |
| Extent | xix, 375 p. : |
| Other physical details | ill. ; |
| Dimensions | 28 cm. |
| 504 ## - BIBLIOGRAPHY, ETC. NOTE | |
| Bibliography, etc | Includes bibliographical references. |
| 650 #0 - SUBJECT ADDED ENTRY--TOPICAL TERM | |
| Topical term or geographic name as entry element | Biochemistry |
| Form subdivision | Laboratory manuals. |
| General subdivision | Physiology |
| 700 1# - ADDED ENTRY--PERSONAL NAME | |
| Personal name | Taylor, Lynn E. |
| 856 42 - ELECTRONIC LOCATION AND ACCESS | |
| Materials specified | Contributor biographical information |
| Uniform Resource Identifier | <a href="http://www.loc.gov/catdir/enhancements/fy1103/2004113417-b.html">http://www.loc.gov/catdir/enhancements/fy1103/2004113417-b.html</a> |
| Materials specified | Publisher description |
| Uniform Resource Identifier | <a href="http://www.loc.gov/catdir/enhancements/fy1103/2004113417-d.html">http://www.loc.gov/catdir/enhancements/fy1103/2004113417-d.html</a> |
| Materials specified | Table of contents only |
| Uniform Resource Identifier | <a href="http://www.loc.gov/catdir/enhancements/fy1103/2004113417-t.html">http://www.loc.gov/catdir/enhancements/fy1103/2004113417-t.html</a> |
| 906 ## - LOCAL DATA ELEMENT F, LDF (RLIN) | |
| a | 7 |
| b | cbc |
| c | origcop |
| d | 2 |
| e | epcn |
| f | 20 |
| g | y-gencatlg |
| 942 ## - ADDED ENTRY ELEMENTS (KOHA) | |
| Source of classification or shelving scheme | Library of Congress Classification |
| Item type | Loan - Normal on open shelf |
| Withdrawn status | Lost status | Source of classification or shelving scheme | Damaged status | Not for loan | Home library | Current library | Shelving location | Date acquired | Total Checkouts | Full call number | Barcode | Date last seen | Copy number | Price effective from | Koha item type |
|---|---|---|---|---|---|---|---|---|---|---|---|---|---|---|---|
| Library of Congress Classification | UOE Main Library | UOE Main Library | Open shelf | 13/02/2015 | QP519 .F34 2006 | 20136998 | 27/04/2026 | 20136998 | 13/02/2015 | Loan - Normal on open shelf | |||||
| Library of Congress Classification | UOE Main Library | UOE Main Library | Open shelf | 13/02/2015 | QP519 .F34 2006 | 20136997 | 27/04/2026 | 20136997 | 13/02/2015 | Loan - Normal on open shelf | |||||
| Library of Congress Classification | UOE Main Library | UOE Main Library | Open shelf | 13/02/2015 | QP519 .F34 2006 | 20136999 | 27/04/2026 | 20136999 | 13/02/2015 | Loan - Normal on open shelf | |||||
| Library of Congress Classification | UOE Main Library | UOE Main Library | Open shelf | 13/02/2015 | QP519 .F34 2006 | 20137000 | 27/04/2026 | 20137000 | 13/02/2015 | Loan - Normal on open shelf | |||||
| Library of Congress Classification | UOE Main Library | UOE Main Library | Open shelf | 23/02/2015 | QP519 .F34 2006 | 2016996 | 27/04/2026 | 20136996 | 23/02/2015 | Loan - Normal on open shelf |
